Всесъюзната комунистическа партия (болшевики) (Запис номер 400872)
[ съкратено ]
| 000 -Лидер | |
|---|---|
| Контролно поле с фиксирана дължина | nam a22 a 4500 |
| 003 - Код на организацията, давaща контролен номер | |
| Контролно поле | BLK |
| 005 - Дата и час на последна редакция | |
| Контролно поле | 20210315124034.0 |
| 008 - Елементи от данни с фиксирана дължина | |
| fixed length control field | 210315b bu ||||| |||| 00| 0 bu d |
| 040 ## - Източник на каталожния запис | |
| Идентификатор на билиотеката - собственик на записа | BLK |
| 041 ## - Код за език | |
| Код за езика на текст/звукозапис или на отделно заглавие | Български |
| Код за езика КДБФ | Български |
| 080 ## - УДК | |
| Текстов определител УДК | Комунистически партии. Вж и 327.323 |
| УДК код - определител по УДК | 329.15 |
| УДК - код + определител | 329.15 |
| 110 ## - Редна дума - колетивен орган | |
| 9 (RLIN) | 1299 |
| Редна дума - наименование на организация или юридическо лице | ЦК КПСС |
| Авторска отговорност (Описва отношението между автора и произведението) | първи автор |
| 139 ## - Редно поле | |
| Редна дума | Всесъюзната комунистическа партия (болшевики) |
| Авторски знак | Вс - В 88 |
| 245 ## - Сведения за заглавието | |
| Заглавие | Всесъюзната комунистическа партия (болшевики) |
| Подзаглавни данни | В резолюции и решения на конгресите, конференциите и пленумите на ЦК : Ч. 1-3 / |
| Редно поле (дума) | ЦК КПСС; прев. от рус. |
| Том | Ч. 3 |
| Заглавие на том | Комунистическата партия на Съветския съюз в резолюции и решения на конгресите, конференциите и пленумите на ЦК 1940-1954 |
| 260 ## - Област на издателските данни | |
| 9 (RLIN) | 212206 |
| Място на издаване, разпространение и проч. | София |
| Име на издателя, разпространителя и проч. | БКП |
| Година на издаване | 1953 - |
| 300 ## - Физическа характеристика | |
| Размери/Мащаб | 25 см |
| 380 ## - Жанр | |
| Жанр | Обществени науки |
| 650 #0 - Допълнително описание по предмет – тема | |
| 9 (RLIN) | 318226 |
| Основно описание – тема или топоним | КПСС - конгреси, пленуми, конференции |
| 653 #7 - Ключова дума – ненормативна | |
| 9 (RLIN) | 189302 |
| Ключова дума | КПСС |
| 653 #7 - Ключова дума – ненормативна | |
| 9 (RLIN) | 188999 |
| Ключова дума | конгреси |
| 653 #7 - Ключова дума – ненормативна | |
| 9 (RLIN) | 193880 |
| Ключова дума | пленуми |
| 653 #7 - Ключова дума – ненормативна | |
| 9 (RLIN) | 189119 |
| Ключова дума | конференции |
| 760 ## - Описание на основната серия | |
| Страници - том | 254 с. |
| Част - том | Ч. 3 |
| Заглавие | Комунистическата партия на Съветския съюз в резолюции и решения на конгресите, конференциите и пленумите на ЦК 1940-1954.прев. от рус. Н. Скорчев и др |
| 852 ## - Местоположение | |
| Форматна сигнатура | Цб 128 |
| Фондова буква | Хранилище |
| 999 ## - СИСТЕМНИ КОНТРОЛНИ НОМЕРА | |
| Koha biblionumber | 400872 |
| Koha biblioitemnumber | 400872 |
| 942 ## - АРТИКУЛИ | |
| Вид на библиотечния материал | Книги |
| Скрит в OPAC | Не |
| Периодичен библиозапис | Да |
| 944 ## - СЪЗДАВАНЕ И РЕДАКЦИЯ на ЗАПИСА | |
| Създаване/Редакция | Създаване |
| Дата на регистрацията/редакция | 2021-03-15 |
| Служител, извършил регистрацията/редакцията | Христина Везирева |
| 999 ## - СИСТЕМНИ КОНТРОЛНИ НОМЕРА | |
| Koha biblioitemnumber | 400869 |
| 999 ## - СИСТЕМНИ КОНТРОЛНИ НОМЕРА | |
| Koha biblioitemnumber | 400868 |
| 999 ## - СИСТЕМНИ КОНТРОЛНИ НОМЕРА | |
| Koha biblioitemnumber | 400868 |
| Код за отписване | Код за изгубен артикул | Източник на класификационната схема | Код за повреда | Коз за рестрикции | Код за отдаване | Артикулен № | Име на библиотеката - собственик | Име на библиотеката, в която се намира в момента | Статус (Текущо местоположение) | Дата на вписване в системата | Местоположение - отдел | Цена в лева | Инвентарен номер | Систематично азбучна сигнатура | Баркод | Цена в евро | Служебен тип на артикула |
|---|---|---|---|---|---|---|---|---|---|---|---|---|---|---|---|---|---|
| Не е изгубен | Universal Decimal Classification | Не е повреден | само за читалня | ползва се в читалня | 816347 | Регионална библиотека "Любен Каравелов" Русе | Регионална библиотека "Любен Каравелов" Русе | Хранилище | 2021-03-15 | Основен фонд - ползва се само за читалня | 0.80 | 2964/56 | Цб 128 | 900000049146 | 0.41 | Книги | |
| Не е изгубен | Universal Decimal Classification | Не е повреден | само за читалня | ползва се в читалня | 816348 | Регионална библиотека "Любен Каравелов" Русе | Регионална библиотека "Любен Каравелов" Русе | Хранилище | 2021-03-15 | Основен фонд - ползва се само за читалня | 2.95 | 13795/63 | Цб 128 | 900000049145 | 1.51 | Книги |